| 000 | 00720 a2200217 4500 | ||
|---|---|---|---|
| 999 |
_c171484 _d171484 |
||
| 005 | 20200114143809.0 | ||
| 010 | _aENG-127410-11 | ||
| 020 |
_c999.00(part1) _a9789384061555 |
||
| 020 |
_c999.00(part2) _a9789384061555 |
||
| 035 | _aEN-110942-943 | ||
| 037 | _bDBAD / PUB | ||
| 082 | 1 | 4 | _a657.0218 |
| 100 | 1 | _aBhave,Rammohan N | |
| 245 | 1 |
_aIFRS simplified with practical illustration/ _cby Bhave,Rammohan N[and]Anjali R Bhave |
|
| 260 |
_bTV 18 broadcast _c2017 _aNew Delhi |
||
| 270 |
_a503, 504 & 507, 5th Floor Mercantile House _a Delhi 110001 |
||
| 300 |
_a2 Parts. (435p.;471p.) _c21cm(hb) |
||
| 505 | _aPart1,Part2 | ||
| 700 | _aBhave,Anjali R | ||
| 942 |
_adpl _cEN _2ddc _h657.0218 _mBHA |
||